Elektrotechnické praktikum (všeobecná časť)

Bibliographic Details
Main Authors: Mojžiš, Miroslav, 1942- (Author), Molnár, Ján, 1979- (Author)
Format: Software eBook
Language:Slovak
PhysicalDescription:1 elektronický optický disk (CD-ROM) 12 cm
Published: Košice Technická univerzita 2009
ISBN:9788055302591
Edition:1. vyd.
Subjects:

MARC

LEADER 00000nam a2200000 a 4500
001 vtls010179247
003 SK-MaSNL
005 20260301031156.0
007 co bg anuua
008 240318s2009 xo l fsp 000 0 slo
015 |a SNBS2011/02-01118 
020 |a 9788055302591  |q (elektronická kniha) 
040 |a SNK  |b slo  |c SNK  |e AACR2 
041 0 |a slo 
044 |a xo  |c SK 
072 7 |a 621.3  |x Elektrotechnika  |2 konspekt 
080 |a 621.317  |2 2001 
080 |a 621.3  |2 2001 
080 |a (0.034.44)  |2 2001 
080 |a (072)  |2 2001 
100 1 |a Mojžiš, Miroslav,  |d 1942-  |4 aut  |9 201300 
245 1 0 |a Elektrotechnické praktikum  |h elektronický zdroj  |b (všeobecná časť)  |c Miroslav Mojžiš, Ján Molnár 
250 |a 1. vyd. 
260 |a Košice  |b Technická univerzita  |c 2009 
300 |a 1 elektronický optický disk (CD-ROM)  |c 12 cm 
500 |a Názov z titulnej obrazovky 
516 |a Textový dokument (učebnica), 1 súbor vo formáte pdf 
538 |a Technické požiadavky: Adobe Reader 
650 0 7 |a elektrotechnika  |2 SNKPH  |9 3619 
650 0 7 |a elektrické meracie prístroje  |2 SNKPH  |9 3584 
655 7 |a elektronické zdroje  |2 SNKPH  |9 90954 
655 7 |a CD-ROM  |2 SNKPH  |9 70236 
655 7 |a učebné texty  |2 SNKPH  |9 70568 
700 1 |a Molnár, Ján,  |d 1979-  |4 aut  |9 215056 
919 |a 978-80-553-0259-1 
999 |c 576105  |d 578035 
952 |a SNK  |b SNK  |y PREZ  |7 0  |p 17A0675589  |o snkSCDM 3255  |i snk2010/22471  |8 0  |0 0  |1 0  |4 0  |d 2010-10-15  |l 0  |r 2026-02-23 14:32:27  |w 2026-02-23